00576 2200217 4500001002100000005001700021006001900038008004100057020002200098035002500120090001600145100001800161245002800179260003800207700002800245990001700273990001700290990001700307990001700324990001700341INLIS00000000000846520140227104406.0a ||| | 180719| ||| |  a978-979-29-1246-3 a0010-081300000000102 a649.1 SUT a0 aRosalana Fiva00aAyah sukses anak sukses aYogyakartabC.V ANDI OFFSETc20090 aandy budi janto sutedja a8631/PN/2013 a8631/PN/2013 a8986/PN/2013 a8986/PN/2013 a8631/PN/2013